000 00667cab a2200193 4500
001 ABS38731
008 090401t1988 xxu||||| |||| 00| 0 eng d
035 _a(Sirsi) u12180
041 _aeng
100 _aLunn, P.
245 _aAgents of change - 1987
260 _c1988
350 _a0
490 _aEstates Gazette
_vSupplement (8802) 16 January 1988, 22-25(4)
520 _aA listing of estate agency mergers and acquisitions which have occured in 1987. Includes the name of the acquisitor, the firms acquired, their location and month of acquisition.
690 _aMANAGEMENT-BUSINESS MANAGEMENT-PROFESSIONAL PRACTICE
942 _n0
948 _c04/03/1997
999 _c7794
_d7794